[Event "Treviso op-C 4th"]
[Site "Treviso"]
[Date "2023.04.02"]
[Round "4"]
[White "Gortana, Emilio"]
[Black "Boromello, Giovanni"]
[Result "1/2-1/2"]
[WhiteElo "1383"]
[BlackElo "999"]
[PlyCount "78"]
[EventDate "2023.03.31"]
[EventType "swiss"]
[EventRounds "5"]
[EventCountry "ITA"]
[SourceTitle "EXT 2024"]
[Source "ChessBase"]
[SourceDate "2023.10.10"]
[SourceVersion "1"]
[SourceVersionDate "2023.10.10"]
[SourceQuality "1"]

1. d4 e5 2. e3 d6 3. Nf3 Bg4 4. Be2 Bxf3 5. Bxf3 d5 6. 0-0 e4 7. Bg4 Nf6 8. Be2 c6 9. c4 Bb4 10. c5 Nbd7 11. Nd2 Ng8 12. a3 Ba5 13. b4 Bc7 14. f3 Ndf6 15. f4 Nh6 16. Rb1 Qd7 17. Rf2 Nhg4 18. Bxg4 Nxg4 19. Rf1 Nxe3 20. Qe2 Nxf1 21. Qxf1 Qg4 22. Nb3 Qh5 23. Be3 g5 24. h3 gxf4 25. Bxf4 Bxf4 26. Qxf4 Qe2 27. Qe5+ Kd7 28. Qd6+ Kc8 29. Rf1 Qe3+ 30. Kh2 Rg8 31. Rg1 Qxb3 32. Rf1 Rd8 33. Qe5 Rf8 34. Qf5+ Kb8 35. Qe5+ Kc8 36. Qf5+ Kb8 37. Qf6 Kc8 38. Qf5+ Kd8 39. Qf6+ Ke8 1/2-1/2